| 000 | 00451nam a2200145Ia 4500 | ||
|---|---|---|---|
| 003 | OSt | ||
| 005 | 20260123094544.0 | ||
| 008 | 211028s2016 xx 000 0 und d | ||
| 040 | _cAIMIT LIBRARY | ||
| 041 | _aeng | ||
| 100 |
_aJoshi, Archana; Dias, Beena. _g1416019 _97442 |
||
| 245 | _aInventory management: a case study with reference to Aditya Birla chemicals (India) Binaga Karwar / | ||
| 260 |
_aMangalore _bBeena Dias. _c2016 |
||
| 942 |
_2ddc _cPRO |
||
| 999 |
_c219010 _d219010 |
||